Faculty of Law Library — Cairo University

Official Online Catalog

Recueil des cours. (Record no. 48931)

MARC details
000 -LEADER
fixed length control field 01992nam a2200445 i 4500
003 - CONTROL NUMBER IDENTIFIER
control field EG-GICUC
005 - DATE AND TIME OF LATEST TRANSACTION
control field 20260121101438.0
008 - FIXED-LENGTH DATA ELEMENTS--GENERAL INFORMATION
fixed length control field 251207s1926 fr o|||fr|||| 001 0 fre d
040 ## - CATALOGING SOURCE
Original cataloging agency EG-GiCUC
Language of cataloging fre
Transcribing agency EG-GiCUC
Modifying agency EG-GiCUC
Description conventions Rda
041 ## - LANGUAGE CODE
Language code of text/sound track or separate title fre
082 04 - DEWEY DECIMAL CLASSIFICATION NUMBER
Edition number 21
Classification number 341.1
Item number RE
092 04 - LOCALLY ASSIGNED DEWEY CALL NUMBER (OCLC)
Edition number 21
099 ## - LOCAL FREE-TEXT CALL NUMBER (OCLC)
Classification number Law1 11 341.1 RE 1926
245 00 - TITLE STATEMENT
Title Recueil des cours.
Number of part/section of a work 1925, Tome 8.
264 #1 - PRODUCTION, PUBLICATION, DISTRIBUTION, MANUFACTURE, AND COPYRIGHT NOTICE
Place of production, publication, distribution, manufacture Paris :
Name of producer, publisher, distributor, manufacturer Hachette,
Date of production, publication, distribution, manufacture, or copyright notice 1926.
300 ## - PHYSICAL DESCRIPTION
Extent 554 page :
Other physical details Photographs ;
Dimensions 24 cm.
336 ## - CONTENT TYPE
Source rda contenu
Content type term texte
337 ## - MEDIA TYPE
Source rda medias
Media type term Ordinateur
338 ## - CARRIER TYPE
Source transporteur rda
Carrier type term Ressource en ligne
490 1# - SERIES STATEMENT
Series statement Académie de droit international ;
Volume/sequential designation 1925, t.8.
500 ## - GENERAL NOTE
General note "1925 III."
500 ## - GENERAL NOTE
General note At head of title: Académie de droit international.
504 ## - BIBLIOGRAPHY, ETC. NOTE
Bibliography, etc. note Includes bibliographical references and index.
505 ## - FORMATTED CONTENTS NOTE
Formatted contents note Contient les cours de l'Académie y compris :
Title L'intervention en matière financière /
Statement of responsibility par Karl Strupp --
Title Les effets de commerce en droit international /
Statement of responsibility par Arthur K. Kuhn --
Title La solidarité internationale dans l'Amérique latine /
Statement of responsibility par Albert Guani --
Title Les avis consultatifs de la cour permanente de justice internationale
Statement of responsibility par Manley O. Hudson --
Title Immunité des états au point de vue de la juridiction ou de l'exécution forcée /
Statement of responsibility par George Grenville Phillimore --
546 ## - LANGUAGE NOTE
Language note Texte en français
650 14 - SUBJECT ADDED ENTRY--TOPICAL TERM
Topical term or geographic name entry element Droit international
650 1# - SUBJECT ADDED ENTRY--TOPICAL TERM
Topical term or geographic name entry element Relations internationales
650 14 - SUBJECT ADDED ENTRY--TOPICAL TERM
Topical term or geographic name entry element Société des Nations
651 #4 - SUBJECT ADDED ENTRY--GEOGRAPHIC NAME
Geographic name Latin America
Source of heading or term qrmak
700 1# - ADDED ENTRY--PERSONAL NAME
Personal name Strupp, Karl,
Dates associated with a name 1886-1940,
Relator term Auteur
700 1# - ADDED ENTRY--PERSONAL NAME
Personal name Kuhn, Arthur K.,
Dates associated with a name 1876-1954,
Relator term Auteur
700 1# - ADDED ENTRY--PERSONAL NAME
Personal name Guani, Alberto,
Dates associated with a name 1877-1956,
Relator term Auteur
700 1# - ADDED ENTRY--PERSONAL NAME
Personal name Hudson, Manley O.,
Relator term Auteur
Dates associated with a name 1886-1960,
700 1# - ADDED ENTRY--PERSONAL NAME
Personal name Phillimore, George Grenville,
Relator term Auteur
Dates associated with a name 1867-1925,
710 ## - ADDED ENTRY--CORPORATE NAME
Corporate name or jurisdiction name as entry element ACADÉMIE DE DROIT INTERNATIONAL.
830 #0 - SERIES ADDED ENTRY--UNIFORM TITLE
Uniform title recueil des cours ;
Volume/sequential designation t. 8.
856 40 - ELECTRONIC LOCATION AND ACCESS
Uniform Resource Identifier <a href="https://fll.law.cu.edu.eg/fulltext/bks/B11-05035.pdf">https://fll.law.cu.edu.eg/fulltext/bks/B11-05035.pdf</a>
905 ## - Cataloger and Reviser Names
Cataloger Name: Rawan khaled
Revisor Name: Hassnaa
942 ## - ADDED ENTRY ELEMENTS (KOHA)
Source of classification or shelving scheme Dewey Decimal Classification
Suppress in OPAC No
Koha item type Books
Edition 21
Holdings
Withdrawn status Lost status Source of classification or shelving scheme Materials specified (bound volume or other part) Damaged status Not for loan Collection Home library Current library Date acquired Total checkouts Full call number Barcode Date last seen Copy number Price effective from Koha item type
    Dewey Decimal Classification V8     القانون الدولي العام جــــامعة القــاهرة مكتبة كلية الحقوق - المبنى الرئيسي 07.12.2025   Law1 11 341.1 RE 1926 1105035 V8, C2 B11-05035 07.12.2025 2 07.12.2025 Books
    Dewey Decimal Classification V8   Not for loan القانون الدولي العام جــــامعة القــاهرة مكتبة كلية الحقوق - المبنى الرئيسي 07.12.2025   Law1 11 341.1 RE 1926 1105029 V8, C1 B11-05029 07.12.2025 1 07.12.2025 Books

© All rights reserved — Faculty of Law, Cairo University